000 00824nam a22002297a 4500
999 _c16249
_d16249
003 AR-CdUCM
008 190502b ||||| |||| 00| 0 spa d
020 _a9972-840-24-7
040 _aMUNICIPALIDAD PROVINCIAL DEL CUSCO
_cBIBLIOTECA MUNICIPAL DEL CUSCO
082 _a869.56 /
_bL95
110 _aEdiciones Ripalme
_935585
245 _aLúcuma producción y comercialización /
260 _aLima :
_bBiblioteca nacional del perú,
_bEdiciones ripalme,
_c2006.
300 _a135 paginas ;
_bIlustraciones, graficos, dibujos,
_c22 cm.
500 _aLucuma todo sobre esta planta
505 _aContenido: Lucuma -- plantación -- labores culturales -- cosecha y postcosecha...
650 _aHistoria
_9136
650 _aLucuma
_935586
650 _aLiteratura
_983
942 _2ddc
_cLIBROS
945 _apjha
_d2019-05-02